Dates histoire du sport - Statistiques

Statistiques générales
  • Ce quiz a été pris 46 fois
  • Le résultat moyen est 36 sur 77
Statistiques - réponses
Date Définitions % Correct
1936 Front populaire et prise en charge du sport par l'état
83%
1903 Premier tour de France
78%
1919 Invention du maillot jaune
69%
1882 Racing club sportif
67%
1882 obligation de la gymnastique pour les jeunes filles
67%
1937 BSP (Brevet sportif populaire)
61%
1945 Démilitarisation du sport
61%
1987 Privatisation de la chaîne TF1
61%
1880 Loi Georges : promotion de la gymnastique
58%
1880 obligation de la gymnastique pour les jeunes gens
58%
1883 Stade Français
56%
1902 Projet d'un ministère des sports
56%
1907 CNS (Comité national des sports)
56%
1918 Fédération sportive des sourds-muets de France fondée par Eugène Rubens-Alcais
56%
1920 Implosion de l'USFSA
56%
1920 Création d'un ministère de l'hygiène, de l'assistance et de la prévoyance sociale
56%
1940 Coubertin étouffe le sport féminin
56%
1940 Mort de Léo Lagrange, sous secrétaire d'état aux sports et loisirs
56%
1940 Publication de la charte des sports (premières lois sur le sport)
56%
1975 Loi Mazeaud : première loi portant sur le sport
56%
1983 FFSA (Fédération française de sport adapté)
56%
1983 L’obligation de l’EPS au bac.
56%
1889 USFSA (Union des sociétés françaises de sports athlétiques)
53%
1894 Congrès de la Sorbonne
53%
1921 Fédération sportive féminine internationale
53%
1922 FSFSF (Fédération des sociétés féminines de France)
53%
1922 Premiers jeux mondiaux féminins à Paris
53%
1923 Radiola demande l’autorisation de suivre les JO organisés à Paris
53%
1929 Henri Desgranges du journal l'Auto lance une caravane publicitaire
53%
1954 Amicale sportive des mutilés de France
53%
1980 Evolution du discours médical sur le sport
53%
1980 Disparition du principe d'amateurisme
53%
1981 Reconnaissance du professionnalisme par le CIO
53%
1981 Premières épreuves sportives aménagés au baccalauréat pour les élèves handicapés
53%
1981 La réintégration de l’EPS au Ministère de l’Éducation nationale
53%
2000 73% des 55-75 ans ont une activité sportive
53%
2000 Première grande enquête sur la pratique des gens
53%
1870 Début du sport en France
50%
1890 Premiers terrains de tennis couverts
50%
1942 Mise en place du certificat médical
50%
1960 Diplôme de conseiller sportif
50%
1970 Le figaro initie une course à la voile en solitaire éponyme
50%
1990 Lutte contre la sédentarité et l'obésité
50%
1990 Rreforme d’obligation de la mixité dans les centres de formations, au CAPEPS et dans les établissements
50%
1884 Havre Football Club
47%
1884 Eugène Poubelle ordonne le dépôt des déchets dans des récipients spéciaux munis d'un couvercle pour déposer les ordures ménagères
47%
1886 Les sportifs ont le droit d'utiliser la Croix-Catelan pour la première fois
47%
1911 COF (Comité olympique Français)
47%
1963 Diplôme de l'éducateur sportif
47%
1963 Fondation de la fédération sportive des handicapés physiques de France
47%
1984 Adoption du nom "jeux paralympiques"
47%
1996 Les premiers programmes en EPS
47%
2006 Centre national des sports de la défense (nouveau nom de Jointville)
47%
2014 "Armée des champions" (autre nom pour Joinville)
47%
1873 USGF (Union des sociétés de gymnastique de France) fondée par Eugène Paz
44%
1885 Vaccins contre la rage (Louis Pasteur)
44%
1888 LNEP (Ligue nationale de l'éducation physique) par Paschal Grousset
44%
1958 HCIS (Haut commissariat à la sécurité industrielle)
44%
1966 MJS (Ministère jeunesse et sport)
44%
1852 Ecole de Joinville : centre d'entraînement, de recherches scientifiques, de performances.
42%
1887 USFCP (Union des sociétés françaises de courses à pied)
42%
1955 Mise en place de la coupe d'Europe de football
42%
1959 Loi Berthoin qui autorise la mixité dans les écoles
42%
1962 "La civilisation des loisirs" par Joffre Dumazedier
42%
1971 Fédération de sport pour handicapés mentaux
42%
1967 38% des Français déclarent pratiquer une activité sportive
39%
1846 Découverte du rôle des bactéries par Ignace Semmelweis
31%
1820 Codification des jeux afin de canaliser les élèves par Thomas Arnold
25%
1788 Le Cricket Club possède une institution
17%
1750 Le Mauritius Turf Club possède une institution
14%
1863-1937 Naissance et mort de Pierre de Coubertin
8%
1852-1935 Naissance et mort de Philippe Tissié
3%
4 août 1982 Loi dépénalisant l'homosexualité
3%
XIXe siècle apparition des politiques sanitaires
3%
XIXe siècle Le sport arrive en France
3%
1900-1910 Gymnastique suédoise à l'armée, l'école, dans des clubs
0%
XXe siècle Massification de la vélocipédie
0%
Aucun quiz correspondant
Distribution des résultats
% des personnes avec chaque résultat
Percentile par nombre de réponses
Votre historique - résultats
Vous n’avez pas pris ce quiz